| 000 | 00919nam a2200253Ia 4500 | ||
|---|---|---|---|
| 003 | OSt | ||
| 005 | 20260417173217.0 | ||
| 006 | a|||||r|||| 00| 0 | ||
| 007 | ta | ||
| 008 | 220926b |||||||| |||| 00| 0 eng d | ||
| 024 | _a118034 | ||
| 037 | _cTheses | ||
| 040 |
_aCRL _cCRL _beng |
||
| 041 |
_2eng _aeng |
||
| 100 |
_aVerma Manisha Nee Manisha Malhotra _9542853 |
||
| 110 |
_aUniversity of Delhi. Faculty of Commer & Business Studies. Department of Commerce _9542854 |
||
| 245 | 0 |
_aCorporate governance rating as an efficient approach to corporate moitoring _b With reference to selected listed companies in India |
|
| 260 | _c2010 | ||
| 650 | _aCOMMERCE | ||
| 700 |
_a Sharma J P Gu. _9535863 |
||
| 700 |
_aUniversity of Delhi. Faculty of Commer & Business Studies. Department of Commerce _9542855 |
||
| 942 |
_cTH _2CC |
||
| 999 |
_c872505 _d872505 |
||